Statistics for Tennessee Football Opponents Since 2000

Click here to take the quiz!

General Stats

  • This quiz has been taken 64 times
    (44 since last reset)
  • The average score is 45 of 80

Answer Stats

Times PlayedAnswer% Correct
24Alabama
100%
24Florida
95%
24Georgia
95%
24Kentucky
92%
10LSU
92%
8Arkansas
89%
8Auburn
89%
24South Carolina
89%
4Texas AM
89%
24Vanderbilt
89%
6Mississippi
87%
6Mississippi St
84%
2Clemson
82%
1Michigan
82%
12Missouri
82%
1North Carolina
82%
2Ohio
79%
2Oklahoma
79%
1Georgia Tech
76%
2Iowa
74%
2UCLA
74%
6Memphis
71%
2Nebraska
71%
2Oregon
68%
1Purdue
68%
2Miami (FL)
66%
1North Carolina St
66%
2Pittsburgh
66%
1Penn St
63%
2California
61%
1Connecticut
61%
1Duke
58%
3Notre Dame
58%
1Virginia
58%
2Virginia Tech
58%
2Georgia St
55%
2Tennessee Tech
55%
1Wisconsin
55%
2Austin Peay
53%
2Chattanooga
53%
1Kansas St
53%
1Louisiana Lafayette
53%
2Bowling Green
50%
2Middle Tennessee St
50%
1Air Force
47%
1BYU
47%
1Massachusetts
47%
1Rutgers
47%
1Syracuse
47%
2Western Kentucky
47%
2Akron
45%
2Arkansas St
45%
1Ball St
45%
1Northwestern
45%
1Utah St
45%
1Cincinnati
42%
2Tennessee-Martin
42%
4UAB
42%
1West Virginia
42%
1Appalachian St
39%
1East Tennessee St
39%
1Maryland
39%
1UTEP
39%
1UTSA
39%
1Troy
37%
2Wyoming
37%
1Louisiana Monroe
34%
1Louisiana Tech
34%
2Marshall
34%
2South Alabama
34%
3Southern Miss
34%
1UNLV
34%
1Buffalo
32%
1Fresno St
29%
1Charlotte
26%
1Montana
24%
1North Texas
24%
1Indiana St
21%
1Western Carolina
21%
1Northern Illinois
18%

Score Distribution

Percentile by Number Answered

Percent of People with Each Score

Your Score History

You have not taken this quiz since the last reset